000 00795nam a2200241Ia 4500
003 OSt
005 20221005112818.0
006 a|||||r|||| 00| 0
007 ta
008 221004b |||||||| |||| 00| 0 pan d
020 _a8182990491 (hbk)
_c80
024 _a96324
037 _b72867, 31/12/2008, Arsee Publishers
_cTextual
040 _aCRL
_cCRL
_bpan
041 _2pan
_apan
082 _aO153,3w, P4
100 _aਨੂਰ, ਸੁਤਿੰਦਰ ਸਿੰਘ, ਥਦ।
245 0 _aਸਧਤਿਕਾ
260 _aਦਿੱਲੀ
_bਆਰਸੀ ਭਾਰਤ
_c2004
300 _a96ਪੰ
_ccm.
942 _hO153,3w, P4
_cTEXL
_2cc
999 _c1026055
_d1026055